000
00284nam a2200133Ia 4500
100
_a
Hunt/R/ Shelley/J
942
_c
BK
654
_a
Computers
245
_a
Computers & Commonsense
260
_b
Prentice-hall
_a
NEW DELHI
_c
1982
300
_a
169
546
_a
ENGLISH
999
_c
34037
_d
34037